00795nam a2200217 a 450000100060000000300080000600500170001400800410003102000150007203500190008704000290010604100080013508200260014324501290016926000490029830000490034750400560039650500510045265100270050370000470053032416BD-RjUL20211209051831.0140426s1969 enkabh b 00100 eng d a0521074002 a(BD-RjUL)32505 aLCbengcLCdSLdBD-RjUL aeng00a200.956bREL V-2 196900aReligion in the Middle East :bthree religions in concord and conflict /cgeneral editor: A. J. Arberry.nVolume 2 :pIslam. aLondon :bCambridge University Press,c1969. axi, 749 p. :bill., facsim., maps. ;c24 cm. aIncludes bibliography (v.2., p. 659-690) and index.0 av. 1. Judaism and Christianity -- v. 2. Islam. 0aMiddle EastxReligion.1 aArberry, A. J.d1905-1969.q(Arthur John),